| 000 | 00372nam a2200121Ia 4500 | ||
|---|---|---|---|
| 008 | 171204s9999 xx 000 0 und d | ||
| 100 | _a-- | ||
| 245 | _aEnglish For Journalists: Twentieth Anniversary: | ||
| 245 | _cWynford Hicks | ||
| 260 | _c2013 | ||
| 650 | _xADVANCED JOURNALISTIC WRITING & PUBLICATION | ||
| 856 | _uhttp://down.ebook777.com/024/EngForJouTweAnnEdi.pdf | ||
| 999 |
_c346015 _d346015 |
||